000 00524nam a2200217Ia 4500
003 OSt
005 20221005125711.0
006 a|||||r|||| 00| 0
007 ta
008 221004b |||||||| |||| 00| 0 snd d
024 _a7185
037 _cTextual
040 _aCRL
_cCRL
_bsnd
041 _2snd
_asnd
082 _aQ4:33, 1593F3;K0
100 _aGulrajani
_9153294
245 0 _aPoorab jyoti
260 _c1960
942 _hQ4:33, 1593F3;K0
_cTEXL
_2cc
999 _c1054813
_d1054813